Бром в компонентах природной среды Томской области и оценка его токсичности: автореферат диссертации на соискание ученой степени кандидата геолого-минералогических наук; спец. 25.00.36

Bibliografiset tiedot
Päätekijä: Перминова Т. А. Татьяна Анатольевна
Yhteisötekijät: Национальный исследовательский Томский политехнический университет (ТПУ), Технологический университет Труа
Muut tekijät: Барановская Н. В. Наталья Владимировна (научный руководитель), Ларатт Б. Бертран (научный консультант)
Yhteenveto:Защита сост. 26.10.2017 г.
Kieli:venäjä
Julkaistu: Томск, [Б. и.], 2017
Aiheet:
Aineistotyyppi: Kirja
KOHA link:https://koha.lib.tpu.ru/cgi-bin/koha/opac-detail.pl?biblionumber=337373

MARC

LEADER 00000nam0a2200000 4500
001 337373
005 20231219110136.0
035 |a (RuTPU)RU\TPU\book\363841 
090 |a 337373 
100 |a 20171103d2017 k y0rusy50 ca 
101 0 |a rus 
102 |a RU 
105 |a a dm 001zy 
200 1 |a Бром в компонентах природной среды Томской области и оценка его токсичности  |e автореферат диссертации на соискание ученой степени кандидата геолого-минералогических наук  |e спец. 25.00.36  |f Т. А. Перминова  |g Национальный исследовательский Томский политехнический университет (ТПУ) ; Технологический университет Труа ; науч. рук. Н. В. Барановская ; науч. конс. Б. Ларатт 
210 |a Томск  |c [Б. и.]  |d 2017 
215 |a 22 с.  |c ил. 
300 |a Защита сост. 26.10.2017 г. 
320 |a Библиогр.: с. 21-22 (11 назв.) 
452 1 |0 (RuTPU)RU\TPU\book\360549  |t Бром в компонентах природной среды Томской области и оценка его токсичности  |o автореферат диссертации на соискание ученой степени кандидата геолого-минералогических наук  |o спец. 25.00.36  |f Т. А. Перминова  |g Национальный исследовательский Томский политехнический университет (ТПУ), Институт природных ресурсов (ИПР), Кафедра геоэкологии и геохимии (ГЭГХ) ; Технологический университет Труа ; науч. рук. Н. В. Барановская ; науч. конс. Ларатт Бертран   |c Томск  |d 2017  |a Перминова, Татьяна Анатольевна 
606 1 |a Бром  |x Геохимия  |2 stltpush  |3 (RuTPU)RU\TPU\subj\30153  |9 53306 
610 1 |a эколого-геохимические особенности 
610 1 |a природно-техногенные системы 
610 1 |a накопление 
610 1 |a распределение 
610 1 |a окружающая среда 
610 1 |a экологическое состояние 
610 1 |a оценка 
610 1 |a Томская область 
610 1 |a природно-климатические условия 
610 1 |a геоэкологическая характеристика 
610 1 |a техногенез 
610 1 |a токсические влияния 
610 1 |a экотоксичность 
610 1 |a почвы 
610 1 |a заболеваемость 
610 1 |a авторефераты диссертаций 
610 1 |a труды учёных ТПУ 
675 |a 550.42:546.1(04)  |v 4 
686 |a 25.00.36  |2 oksvnk 
700 1 |a Перминова  |b Т. А.  |g Татьяна Анатольевна 
702 1 |a Барановская  |b Н. В.  |c геохимик  |c профессор Томского политехнического университета, доктор биологических наук  |f 1970-  |g Наталья Владимировна  |3 (RuTPU)RU\TPU\pers\26055  |4 727  |9 11894 
702 1 |a Ларатт  |b Б.  |g Бертран  |4 695 
712 0 2 |a Национальный исследовательский Томский политехнический университет (ТПУ)  |c (2009- )  |3 (RuTPU)RU\TPU\col\15902 
712 0 2 |a Технологический университет Труа  |c (Франция)  |3 (RuTPU)RU\TPU\col\21237  |9 27938 
801 1 |a RU  |b 63413507  |c 20171103 
801 2 |a RU  |b 63413507  |c 20180109  |g RCR 
942 |c BK